[Event "AUTO-INT-851"]
[Site "http://www.queenalice.com/game.php?id=379982"]
[Date "2008.3.31"]
[Round "1"]
[White "ecarter"]
[Black "DedeiTairone"]
[Result "0-1"]
[WhiteElo "1383"]
[BlackElo "1383"]

1. e4 e5 2. Nf3 d6 3. Bc4 Nh6 4. O-O Qf6 5. d3 Qg6 6. Nc3 Be7 7. Nd5 Bh3 8. Ne3
Ng4 9. Nxg4 Qxg4 10. Nh4 Qxh4 11. Qf3 Be6 12. Bxe6 fxe6 13. b3 Nc6 14. Bb2 O-O-O
15. c4 Rhf8 16. Qe3 Bg5 17. Qe2 Nd4 0-1

[Event "AUTO-INT-851"]
[Site "http://www.queenalice.com/game.php?id=379983"]
[Date "2008.3.31"]
[Round "1"]
[White "DedeiTairone"]
[Black "ecarter"]
[Result "0-1"]
[WhiteElo "1484"]
[BlackElo "1339"]

1. e4 e5 2. d3 Bc5 3. Nh3 Nf6 4. Qf3 Nc6 5. Be3 Nd4 6. Qg3 Nxc2+ 7. Kd1 Nxe3+ 8.
fxe3 g6 9. Qxe5+ Qe7 10. Qc3 d6 11. Qb3 Bg4+ 12. Be2 Bxe2+ 13. Kxe2 O-O-O 14. d4
Bb6 15. Rc1 Nxe4 16. Nc3 Bxd4 17. exd4 Nc5+ 18. Kd2 Nxb3+ 19. axb3 d5 20. Rxa7
Rhe8 21. Nf4 Qe3+ 22. Kc2 Qxf4 23. b4 Qf2+ 24. Kd3 Re3# 0-1

[Event "AUTO-INT-851"]
[Site "http://www.queenalice.com/game.php?id=379984"]
[Date "2008.3.31"]
[Round "1"]
[White "ecarter"]
[Black "Richardlim"]
[Result "0-1"]
[WhiteElo "1337"]
[BlackElo "1623"]

1. e4 e5 2. Nf3 Nc6 3. Bc4 h6 4. O-O Nf6 5. d3 d5 6. exd5 Nxd5 7. Bxd5 Qxd5 8.
Nc3 Qe6 9. Be3 Qg6 10. Nh4 Qf6 11. Nf3 Bg4 12. Ne4 Qg6 13. h3 Bxf3 14. Qxf3 Nb4
15. c3 Nc2 0-1

[Event "AUTO-INT-851"]
[Site "http://www.queenalice.com/game.php?id=379985"]
[Date "2008.3.31"]
[Round "1"]
[White "Richardlim"]
[Black "ecarter"]
[Result "1-0"]
[WhiteElo "1618"]
[BlackElo "1343"]

1. e4 e5 2. d4 exd4 3. Qxd4 Nc6 4. Qe3 Be7 5. Qg3 Bf6 6. Bc4 d6 7. c3 Be6 8.
Bxe6 fxe6 9. Qh3 Qe7 10. Qh5+ g6 11. Qb5 O-O-O 12. a4 a6 13. Qb3 Bg5 14. Nd2 d5
15. Ne2 1-0

[Event "Peão Bala !!"]
[Site "http://www.queenalice.com/game.php?id=381448"]
[Date "2008.4.3"]
[Round "-"]
[White "LemonjeSPFC"]
[Black "ecarter"]
[Result "1-0"]
[WhiteElo "1609"]
[BlackElo "1378"]

1. d4 Nf6 2. c4 e6 3. Nc3 Bb4 4. Bg5 h6 5. Bh4 b6 6. e3 Bb7 7. Nf3 d6 8. Qa4+
Nc6 9. d5 Bxc3+ 10. bxc3 exd5 11. cxd5 Qd7 12. Bxf6 gxf6 13. dxc6 Bxc6 14. Qb3
Ba4 15. Qb4 O-O-O 16. Ba6+ Kb8 17. O-O Rhg8 18. Nd4 c5 19. Qc4 cxd4 20. cxd4 Qc6
21. Qxc6 Bxc6 22. Rac1 1-0

[Event "Let's Play Chess!"]
[Site "http://www.queenalice.com/game.php?id=383472"]
[Date "2008.4.8"]
[Round "-"]
[White "dida"]
[Black "ecarter"]
[Result "1-0"]
[WhiteElo "1615"]
[BlackElo "1254"]

1. e4 e5 2. Nf3 Nc6 3. c3 f6 4. h3 b6 5. Bc4 Bb7 6. d3 g6 7. Be3 f5 8. exf5 gxf5
9. d4 e4 10. Ne5 Qf6 11. Nxc6 Bxc6 12. d5 1-0

[Event "Challenge"]
[Site "http://www.queenalice.com/game.php?id=385142"]
[Date "2008.4.10"]
[Round "-"]
[White "dtrainey"]
[Black "ecarter"]
[Result "1-0"]
[WhiteElo "1614"]
[BlackElo "1307"]

1. d4 Nf6 2. c4 e6 3. c5 Nc6 4. e4 Nxe4 5. Qc2 Nf6 6. Nf3 Be7 7. h3 b6 8. Bd2
Bb7 9. Be2 O-O 10. b4 a6 11. a4 bxc5 12. bxc5 Nd5 13. h4 a5 14. Nc3 Nxc3 15.
Bxc3 d5 16. Ng5 g6 17. f4 Bxg5 18. hxg5 Nb4 19. Qb3 Ba6 20. Bxb4 axb4 21. Qxb4
Rb8 22. Qa3 Bxe2 23. Kxe2 c6 24. Rhb1 Qa5 25. Rb2 Kg7 26. Rab1 1-0

[Event "Let's Play Chess!"]
[Site "http://www.queenalice.com/game.php?id=385813"]
[Date "2008.4.11"]
[Round "-"]
[White "spawnwolfwolverine"]
[Black "ecarter"]
[Result "1-0"]
[WhiteElo "1651"]
[BlackElo "1349"]

1. d4 Nf6 2. e3 e6 3. Nf3 d5 4. Be2 Nc6 5. O-O Bd6 6. b3 O-O 7. Ba3 Bxa3 8. Nxa3
Qe7 9. c4 Qxa3 10. cxd5 Nxd5 11. Ne5 Nxe5 12. dxe5 Nc3 13. Qc2 Nxe2+ 14. Qxe2
Qc5 15. f4 b6 16. Qf3 Ba6 17. Rfc1 Qe7 18. Rc3 Rfd8 19. Rac1 Rac8 20. a4 Rd2 21.
h3 Qd7 22. Qc6 Rd1+ 23. Rxd1 Qxd1+ 24. Kh2 Qd8 25. b4 Qd5 26. Qxd5 exd5 27. b5
Bb7 28. g4 Kf8 29. h4 a6 30. h5 h6 31. Kg3 axb5 32. axb5 1-0

[Event "Challenge"]
[Site "http://www.queenalice.com/game.php?id=394231"]
[Date "2008.4.27"]
[Round "-"]
[White "ecarter"]
[Black "captainslog"]
[Result "0-1"]
[WhiteElo "1238"]
[BlackElo "1969"]

1. e4 e5 2. Nf3 Nc6 3. Bc4 Nf6 4. Nc3 Nxe4 5. Nxe4 d5 6. Bd3 dxe4 7. Bxe4 f5 8.
Bxc6+ bxc6 9. Nxe5 Qe7 10. Qe2 Ba6 11. d3 c5 12. O-O g6 13. Re1 O-O-O 0-1

[Event "AUTO-INT-887"]
[Site "http://www.queenalice.com/game.php?id=397198"]
[Date "2008.5.3"]
[Round "1"]
[White "ecarter"]
[Black "jefersonlourenco"]
[Result "0-1"]
[WhiteElo "1318"]
[BlackElo "1470"]

1. e4 e5 2. Nf3 Nf6 3. Nc3 Nc6 4. Bc4 Be7 5. O-O O-O 6. d3 d6 7. Be3 Na5 8. Bb3
c6 9. Qd2 Nxb3 10. axb3 Qc7 11. d4 Bg4 0-1

[Event "AUTO-INT-887"]
[Site "http://www.queenalice.com/game.php?id=397199"]
[Date "2008.5.3"]
[Round "1"]
[White "jefersonlourenco"]
[Black "ecarter"]
[Result "1-0"]
[WhiteElo "1459"]
[BlackElo "1331"]

1. d4 d5 2. c4 e6 3. Nc3 Nf6 4. Nf3 Nc6 5. cxd5 exd5 6. Bg5 Be7 7. e3 Bf5 8. Bb5
O-O 9. O-O Qd7 10. Ne5 Qe6 11. Bxc6 bxc6 12. Qa4 1-0

[Event "Let's Play Chess!"]
[Site "http://www.queenalice.com/game.php?id=400753"]
[Date "2008.5.10"]
[Round "-"]
[White "ecarter"]
[Black "trallala"]
[Result "0-1"]
[WhiteElo "1307"]
[BlackElo "2058"]

1. e4 c5 2. b4 cxb4 3. a3 bxa3 4. Bxa3 d6 5. Bc4 Nf6 6. Nc3 e6 7. e5 dxe5 8.
Bxf8 Kxf8 9. Nf3 Nc6 10. O-O g6 0-1